Delhi diary, prayer speeches from 10-9-47 to 30-1-48 (Record no. 85332)

MARC details
000 -LEADER
fixed length control field 00520cam a2200181 4500
001 - CONTROL NUMBER
control field sa 68013771
003 - CONTROL NUMBER IDENTIFIER
control field DLC
005 - DATE AND TIME OF LATEST TRANSACTION
control field 20260227112625.0
008 - FIXED-LENGTH DATA ELEMENTS--GENERAL INFORMATION
fixed length control field 691215s1948 ii 00010 eng
010 ## - LIBRARY OF CONGRESS CONTROL NUMBER
LC control number sa 68013771 //r84
050 0# - LIBRARY OF CONGRESS CALL NUMBER
Classification number DS481.G3
Item number A4974
100 10 - MAIN ENTRY--PERSONAL NAME
Personal name Gandhi,
Titles and words associated with a name Mahatma,
Dates associated with a name 1869-1948.
245 10 - TITLE STATEMENT
Title Delhi diary, prayer speeches from 10-9-47 to 30-1-48
Statement of responsibility, etc. [by] M. K. Gandhi.
250 ## - EDITION STATEMENT
Edition statement [1st ed.]
260 0# - PUBLICATION, DISTRIBUTION, ETC.
Place of publication, distribution, etc. Ahmedabad,
Name of publisher, distributor, etc. Navajivan Pub. House
Date of publication, distribution, etc. [1948]
300 ## - PHYSICAL DESCRIPTION
Extent xxiv, 406 p.
Dimensions 19 cm.
350 ## - PRICE (NR) (BK AM CF MU VM SE) [OBSOLETE]
Price 3.00

No items available.

Powered by Koha